Statistiques concernant Personnages de fiction en images - Q

Cliquez ici pour prendre le quiz!

Statistiques générales

  • Ce quiz a été pris 10 609 fois
    (6 167 depuis la dernière actualisation)
  • Le résultat moyen est 5 sur 16

Statistiques - réponses

Réponse% Correct
Quasimodo
91%
Don Quichotte
57%
Quirinus Quirrell
54%
Qulbutoké
49%
Quatre
42%
Qui-Gon Jinn
39%
Quentin de Montargis
26%
Quetzalcóatl
23%
Queulorior
22%
Queenie Goldstein
20%
Quick
12%
Q*bert
10%
Quan Chi
9%
Qilby
8%
Qi'ra
8%
Queen Bee
6%

Distribution des résultats

Percentile par nombre de réponses

% des personnes avec chaque résultat

Votre développement - résultats

Vous n’avez pas pris ce quiz depuis la dernière actualisation